Responses for Show #3001 - Monday, September 22, 1997

Contestants

[<< previous game]

Jon Bourgault, a law student from Brooklyn, New York

Wendy Middleton, a teacher from Barrie, Ontario Canada

Elizabeth Salinas, a historic interpreter from Silver Spring, Maryland (whose 3-day cash winnings total $31,300)

[next game >>]

Jeopardy! Round responses

BREAKING UP IS HARD TO DO
TRANSPORTATION
MOVIE DEBUTS
REALLY LONG RIVERS
GONE FISHING
"ET" AL.
    $100 6
The Beatles

Elizabeth
    $100 11
Paris

Jon
    $100 1
Peter Fonda

Elizabeth
    $100 21
the Amazon

Elizabeth
    $100 26
casting

Wendy
    $100 16
whet

Elizabeth
    $200 7
the Soviet Union/U.S.S.R.

Jon
    $200 12
Antarctica

Jon
    $200 2
Jean-Claude Van Damme

Wendy
    $200 22
the Nile

Elizabeth
    $200 27
flies

Wendy
    $200 17
a stet

Wendy
    $300 8
AT&T

Jon
    $300 13
wings

Elizabeth
    $300 3
Kathy Bates

Wendy
    $300 23
(Elizabeth: What is the Yellow?)

the Yangtze

ElizabethWendy
    $300 28
catfish

Wendy
    $300 18
a pallet

Elizabeth
    $400 9
an atom

Elizabeth
    $400 14
ambulances

Jon
    $400 4
Spike Lee

Elizabeth
    $400 24
the Missouri

Jon
    $400 29
trawling

Wendy
    $400 19
let

Triple Stumper
    $500 10
Pangaea

Jon
    $500 15
(Jon: What are buses?)

motor homes/RVs

ElizabethJon
    $500 5
Quentin Tarantino

Elizabeth
    $500 25
(Alex: About a minute to deal with GONE FISHING.)

the Mekong

Wendy
    $500 30
(Wendy: What is a sturgeon?)

a muskie

Wendy
Triple Stumper
    $500 20
ferrets

Elizabeth

Scores at the first commercial break (after clue 14):

Elizabeth Wendy Jon
$1,800 $500 $1,700

Scores at the end of the Jeopardy! Round:

Elizabeth Wendy Jon
$3,200 $2,000 $1,600

Double Jeopardy! Round responses

PEOPLE ON MONEY
MYTHOLOGY
ANIMALS
1996 OLYMPIC WOMEN
AUTHORS
GUERRILLAS IN THE MIST
(Alex: Check the spelling on this one!)
    $200 1
Hercules

Jon
    $200 16
a Gila monster

Wendy
    $200 21
the heptathlon

Jon
    $200 6
Charles Dickens

Wendy
    $200 11
Tito

Wendy
    $400 29
[The end-of-round signal sounds.]
(Alex: And the last clue will remain hidden.)

Caesar

Jon
    $400 2
Medea

Wendy
    $400 17
(Wendy: What is a dolphin?)
(Elizabeth: What is a platypus?)

an elephant

ElizabethWendy
Triple Stumper
    $400 22
Romania

Jon
    $400 7
Stephen King

Elizabeth
    $400 12
Zapatistas

Jon
    $600 28
(Wendy: What is impressionism?)
(Elizabeth: What is painting?)

movie making

ElizabethWendyJon
    $600 3
Saturn

Wendy
    $600 18
an octopus

Triple Stumper
    $600 23
women's basketball

Wendy
    $600 8
John le Carré

Jon
    $600 13
the Green Mountain Boys

Jon
    $800 27
(Elizabeth: Who is Hoover?)

Ulysses S. Grant

ElizabethJon
    $800 4
Loki

Wendy
    $800 19
(Elizabeth: What is a sea otter?)
(Jon: What is a nutria?)

a muskrat

ElizabethJon
Triple Stumper
    $800 24
soccer

Jon
    $800 9
Andrew Greeley

Jon
    $2,000 14
Ernesto "Che" Guevara

Jon
    $2,200 26
Italian lira

Elizabeth
    $1000 5
(Elizabeth: Who is Apollo?)

Ganymede

ElizabethWendy
    $1000 20
(Alex: Aren't you glad there are no more ANIMALS up there?)

Suriname

Triple Stumper
    $1000 25
(Alex: And we have one minute to deal with PEOPLE ON MONEY.)

Janet Evans

Elizabeth
    $1000 10
John Jakes

Triple Stumper
    $1000 15
(Jon: What is Chechnya?)

Grozny

Jon
Triple Stumper

Scores at the end of the Double Jeopardy! Round:

Elizabeth Wendy Jon
$3,200 $5,000 $7,600

[wagering suggestions for these scores]

Final Jeopardy! Round responses

FOOD & DRINK HISTORY
(Alex: If you have kids, you have no trouble with this clue whatsoever!)
ElizabethWhat is chocolate?
$3,200
WendyWhat was aqua vita?
$2,601
JonWhat is chocolate?
$2,401
chocolate

Final scores:

Elizabeth Wendy Jon
$6,400 $2,399 $10,001
2nd place: a trip to Almond Beach Club, Barbados 3rd place: a Meade Model 395 telescope New champion: $10,001

Game dynamics:

Coryat scores:

Elizabeth Wendy Jon
$2,000 $5,000 $6,400
15 R
(including 2 DDs),
6 W
17 R,
3 W
19 R
(including 1 DD),
3 W

Combined Coryat: $13,400

[game clues] [game scores] [suggest correction]

Game tape date: Unknown
The J! Archive is created by fans, for fans. Scraping, republication, monetization, and malicious use prohibited; this site may use cookies and collect identifying information. See terms. The Jeopardy! game show and all elements thereof, including but not limited to copyright and trademark thereto, are the property of Jeopardy Productions, Inc. and are protected under law. This website is not affiliated with, sponsored by, or operated by Jeopardy Productions, Inc. Join the discussion at JBoard.tv.